000 00578nam a22001937a 4500
003 DO-SdBNP
005 20151216134414.0
008 151216b 1954 cau xxu||||| |||| 00| 0 spa d
040 _aBPMSU
_bspa
_cBPMSU
092 _axxxxx
_bxxxxx
100 1 _aWhite, Elena G.
245 1 0 _aEl gran conflicto :
_bdurante la era cristiana /
_cElena G. de White.
250 _a5ta reimpr
260 _aMountain View, California
_bPublicaciones Interamericanas,
_c1954.
_g1980.
300 _a656 p. ;
_c18 cm.
910 _a00260
942 _2ddc
_cBK
956 _aLorenza Pérez
_b10
999 _c9124
_d9124